Control systems : (Record no. 189394)
[ view plain ]
| 000 -LEADER | |
|---|---|
| fixed length control field | 01114 a2200169 4500 |
| 003 - CONTROL NUMBER IDENTIFIER | |
| control field | Nust |
| 005 - DATE AND TIME OF LATEST TRANSACTION | |
| control field | 20231108175618.0 |
| 040 ## - CATALOGING SOURCE | |
| Transcribing agency | Nust |
| 082 ## - DEWEY DECIMAL CLASSIFICATION NUMBER | |
| Classification number | 629,GHO |
| 100 ## - MAIN ENTRY--PERSONAL NAME | |
| Personal name | Ghost, Smarajit |
| 9 (RLIN) | 106380 |
| 245 ## - TITLE STATEMENT | |
| Title | Control systems : |
| Remainder of title | theory and applications / |
| Statement of responsibility, etc. | Smarajit Ghost |
| 260 ## - PUBLICATION, DISTRIBUTION, ETC. | |
| Place of publication, distribution, etc. | India |
| Name of publisher, distributor, etc. | Pearson Education |
| Date of publication, distribution, etc. | 2007 |
| 300 ## - PHYSICAL DESCRIPTION | |
| Extent | xvi,612p. |
| 505 ## - FORMATTED CONTENTS NOTE | |
| Formatted contents note | Fundamentals of Control Systems (Page-1), Laplace Transform and Matrix Algebra (Page-14), Transfer Function (Page-37), Control System Components (Page-59), Mathematical Modeling of Physical Systems (Page-106), Block Diagram (Page-141), Signal Flow Graphs (Page-177), Time Domain Analysis of Control Systems (Page-215), Feedback Characteristics Of Control Systems (Page-276), Stability (Page-310), Root Locus Method (Page-331), Frequency Domain Analysis (Page-375), Bode Plot (Page-388), Polar Plot (Page-429), Nyquist Plot (Page-445), Introduction to Compensators (Page-480), State Variable Approach (Page-498), Digital Control Systems (Page-541), Non-Linear Control Systems (Page-556). |
| 650 ## - SUBJECT ADDED ENTRY--TOPICAL TERM | |
| Topical term or geographic name entry element | Telecommunication Engineering |
| 942 ## - ADDED ENTRY ELEMENTS (KOHA) | |
| Source of classification or shelving scheme | |
| Koha item type | Book |
| Withdrawn status | Lost status | Source of classification or shelving scheme | Damaged status | Not for loan | Permanent Location | Current Location | Shelving location | Date acquired | Full call number | Barcode | Date last seen | Price effective from | Koha item type | Public note | Total Checkouts | Checked out | Date last checked out |
|---|---|---|---|---|---|---|---|---|---|---|---|---|---|---|---|---|---|
| Military College of Signals (MCS) | Military College of Signals (MCS) | General Stacks | 12/12/2016 | 629,GHO | MCS35077 | 12/08/2016 | 12/12/2016 | Book | Almirah No.41, Shelf No.2 | ||||||||
| Military College of Signals (MCS) | Military College of Signals (MCS) | General Stacks | 12/29/2022 | 629,GHO | MCS34655 | 08/15/2025 | 12/29/2022 | Book | Almirah No.41, Shelf No.2 | 1 | 12/13/2025 | 08/15/2025 |
